| 000 | 01137nam0a2200337 4500 | ||
|---|---|---|---|
| 001 | RU\NLR\bibl\299715 | ||
| 005 | 20260405071615.0 | ||
| 010 |
_a5-8159-0221-7 _bВ пер. _91000 |
||
| 021 |
_aRU _b2002-18546 _9932 |
||
| 021 |
_aRU _b2002-30223 _91500 |
||
| 035 | _a(NLR Aleph) 000294987 | ||
| 090 |
_a1727673 _c1727673 |
||
| 100 | _a20020812d2002 |||y0rusy50 ca | ||
| 101 | 1 |
_arus _cdut |
|
| 102 | _aRU | ||
| 105 | _aa ||||||||| | ||
| 200 | 1 |
_aНе все умеют падать _eСказки для взрослых _fТоон Теллеген _g[Худож. Алексей Кокорекин] |
|
| 210 |
_aМ. _cЗахаров _d2002 |
||
| 215 |
_a122, [1] с. _cил. _d17 |
||
| 610 | 0 | _aСказки (х. л.) | |
| 675 |
_a821.112.5-31Теллеген _v3 _zrus |
||
| 686 |
_a17.82 _2rugasnti |
||
| 686 |
_a84(4Нид)-44 _2rubbk |
||
| 686 | _aШ6(4Н)67-4{Лх1428-45} | ||
| 700 | 1 |
_4070 _7ca _8rus _aТеллеген _bТ. _f1941- _gТоон _97565 _3RU\NLR\auth\7724514 |
|
| 801 | 0 |
_aRU _bRKP _c20020812 _gPSBO |
|
| 801 | 1 |
_aRU _bRKP _c20020812 |
|
| 801 | 2 |
_aRU _bNLR _c20050405 _grcr |
|
| 942 | _cBOOK | ||
| 980 | _aNB | ||